| 000 | 00845nam a2200253Ia 4500 | ||
|---|---|---|---|
| 003 | GCL | ||
| 005 | 20240530103229.0 | ||
| 008 | 140319s9999 xx 000 0 ara d | ||
| 040 |
_aGCL / _cGCL |
||
| 082 | 0 | 4 |
_a371.106 _bب ت |
| 100 | 1 | _aمحمد السيد روحه | |
| 245 | 1 | 0 |
_aتعاون ناظر المدرسة الثانوية وهيئة التدريس / _cمحمد السيد روحه |
| 300 | _a195 ص | ||
| 490 |
_aالتعليم فى ضوء التجارب _v0 |
||
| 650 | 0 | 4 | _aالمدارس الثانوية |
| 650 | 0 | 4 | _aعلم النفس التربوى |
| 650 | 0 | 4 | _aالمدرسون |
| 650 | 0 | 4 | _aالتربويون |
| 650 | 0 | 4 | _aطلبة المدارس |
| 700 | 1 | _aبرستوود، الوودل | |
| 700 | 1 | _aمحمد العزاوى | |
| 700 | 1 | _aمحمد سليمان شعلان (مراجع) | |
| 942 |
_2ddc _cBK |
||
| 999 |
_c37743 _d37743 |
||